Province del Regno delle Due Sicilie - Statistics

Statistiche generali
  • Questo quiz è stato fatto 135 volte
  • Il punteggio medio è 12 su 22
Risposte nella Mappa
Le risposte nella mappa del quiz sottostante sono codificate secondo una scala di colori dal rosso al verde in base alla % di persone che hanno risposto correttamente.
 
Statistiche sulle risposte
Lato Provincia % Corretto
al di là del Faro Palermo
95%
al di là del Faro Messina
94%
al di qua del Faro Napoli
94%
al di là del Faro Catania
93%
al di là del Faro Noto/Siracusa
87%
al di qua del Faro Terra di Bari
87%
al di là del Faro Trapani
87%
al di là del Faro Caltanissetta
70%
al di qua del Faro Basilicata
60%
al di qua del Faro Calabria Citeriore
54%
al di qua del Faro Calabria Ulteriore I
54%
al di qua del Faro Calabria Ulteriore II
54%
al di qua del Faro Molise
54%
al di qua del Faro Abruzzo Citeriore
50%
al di qua del Faro Abruzzo Ulteriore I
50%
al di qua del Faro Abruzzo Ulteriore II
50%
al di là del Faro Girgenti
28%
al di qua del Faro Terra di Lavoro
25%
al di qua del Faro Terra d'Otranto
24%
al di qua del Faro Capitanata
18%
al di qua del Faro Principato Ulteriore
11%
al di qua del Faro Principato Citeriore
10%
Nessun quiz corrispondente trovato
Distribuzione punteggi
Percentuale di utenti per punteggio
Percentile per numero di risposta
I tuoi punteggi nel tempo
Non hai fatto questo quiz